[Event "ACT-ch"]
[Site "Tuggeranong"]
[Date "2013.02.23"]
[Round "6"]
[White "Galli, Karl"]
[Black "Wolffs, Walter"]
[Result "0-1"]
[WhiteElo "1109"]
[BlackElo "916"]
[PlyCount "90"]
[EventDate "2013.02.15"]
[EventType "swiss"]
[EventRounds "9"]
[EventCountry "AUS"]
[SourceTitle "EXT 2015"]
[Source "ChessBase"]
[SourceDate "2014.11.20"]
[SourceVersion "1"]
[SourceVersionDate "2014.11.20"]
[SourceQuality "1"]

1. Nf3 Nc6 2. c3 e6 3. b3 d5 4. Bb2 Bd6 5. g3 b6 6. Bg2 Bb7 7. 0-0 Nf6 8. d3 Qe7 9. Nbd2 h6 10. a3 Ne5 11. Nxe5 Bxe5 12. f4 Bd6 13. d4 c5 14. e3 0-0 15. Re1 Ne4 16. Bxe4 dxe4 17. Qb1 f5 18. Kg2 Qf6 19. Qa2 cxd4 20. cxd4 b5 21. d5 Qg6 22. dxe6 Qxe6 23. Bd4 a5 24. Qb2 Rf7 25. Rec1 Qg6 26. h3 Qh5 27. Nf1 Qf3+ 28. Kh2 Rc8 29. Rxc8+ Bxc8 30. Qg2 Qh5 31. b4 a4 32. Rc1 Be6 33. Rc6 Rd7 34. Rc8+ Kh7 35. g4 fxg4 36. Qxe4+ Bf5 37. Qh1 gxh3 38. Ng3 Qf7 39. e4 Qa2+ 40. Kg1 Bg4 41. e5 Bxb4 42. Qe4+ g6 43. axb4 Rxd4 44. Rc7+ Bd7 45. Qxd4 Qg2# 0-1

[Event "Doeberl Cup U1200 48th"]
[Site "Canberra"]
[Date "2010.04.03"]
[Round "4"]
[White "Wolffs, Walter"]
[Black "Gong, Noah"]
[Result "0-1"]
[WhiteElo "250"]
[BlackElo "762"]
[PlyCount "68"]
[EventDate "2010.04.02"]
[EventType "swiss"]
[EventRounds "6"]
[EventCountry "AUS"]
[SourceTitle "EXT 2012"]
[Source "ChessBase"]
[SourceDate "2011.11.24"]
[SourceVersion "1"]
[SourceVersionDate "2011.11.24"]
[SourceQuality "1"]

1. e4 e5 2. Nf3 Nc6 3. Bb5 Nf6 4. Bxc6 dxc6 5. Nxe5 Qd4 6. Nf3 Qxe4+ 7. Qe2 Qxe2+ 8. Kxe2 Bd6 9. Re1 0-0 10. Kf1 Bf5 11. d3 Rae8 12. Bg5 Rxe1+ 13. Kxe1 Re8+ 14. Kf1 Nd5 15. Nc3 Nxc3 16. bxc3 f6 17. Be3 b6 18. Nd4 Bd7 19. a4 c5 20. Nb5 Bxb5 21. axb5 Bxh2 22. g3 Bxg3 23. fxg3 Rxe3 24. Rxa7 Re7 25. c4 Kf7 26. d4 cxd4 27. c5 bxc5 28. b6 cxb6 29. Rxe7+ Kxe7 30. Ke2 g5 31. Kd3 b5 32. Ke4 Ke6 33. g4 h6 34. Kd3 Kd5 0-1

[Event "Doeberl Cup U1200 48th"]
[Site "Canberra"]
[Date "2010.04.03"]
[Round "5"]
[White "Wolffs, Walter"]
[Black "Pecori, Rafael"]
[Result "0-1"]
[WhiteElo "250"]
[BlackElo "359"]
[PlyCount "54"]
[EventDate "2010.04.02"]
[EventType "swiss"]
[EventRounds "6"]
[EventCountry "AUS"]
[SourceTitle "EXT 2012"]
[Source "ChessBase"]
[SourceDate "2011.11.24"]
[SourceVersion "1"]
[SourceVersionDate "2011.11.24"]
[SourceQuality "1"]

1. e4 e5 2. Nf3 Nc6 3. d4 Nxd4 4. Nxe5 Bc5 5. Bc4 d5 6. Bxd5 Be6 7. Bxe6 Nxe6 8. Qxd8+ Rxd8 9. 0-0 Nf6 10. Nc3 0-0 11. Bg5 Nxg5 12. Rad1 Bd4 13. Nc4 Nfxe4 14. Nxe4 Nxe4 15. Rfe1 Bxf2+ 16. Kf1 Bxe1 17. Rxe1 Nd2+ 18. Nxd2 Rxd2 19. h3 Rxc2 20. Re7 Rd8 21. Kg1 g6 22. Kh2 Rdd2 23. Re1 Rxg2+ 24. Kh1 Rh2+ 25. Kg1 Rcg2+ 26. Kf1 Rxb2 27. a4 Rh1# 0-1

[Event "Doeberl Cup U1200 47th"]
[Site "Canberra"]
[Date "2009.04.10"]
[Round "3"]
[White "Wolffs, Walter"]
[Black "Flood, Amy"]
[Result "0-1"]
[WhiteElo "263"]
[BlackElo "245"]
[PlyCount "74"]
[EventDate "2009.04.10"]
[EventType "swiss"]
[EventRounds "6"]
[EventCountry "AUS"]
[SourceTitle "CBM 129 Extra"]
[Source "ChessBase"]
[SourceDate "2009.05.05"]
[SourceVersion "2"]
[SourceVersionDate "2009.05.20"]
[SourceQuality "1"]

1. e4 e5 2. c4 Nf6 3. Nc3 Nc6 4. d3 Bc5 5. b3 d6 6. Bb2 Ng4 7. Nh3 Qf6 8. f3 Nd4 9. fxg4 Nf5 10. gxf5 g6 11. Qc2 gxf5 12. Nd5 Qg6 13. 0-0-0 Qh6+ 14. Kb1 fxe4 15. Nxc7+ Kd8 16. Nxa8 Rg8 17. Bc1 Qf6 18. Bg5 Rxg5 19. Nxg5 Qxg5 20. h4 Qg4 21. g3 Qxg3 22. Rh3 Qg4 23. Re1 Bb4 24. Rxe4 Qg1 25. Re1 Bxe1 26. Qe2 Bb4 27. h5 Bf5 28. Rf3 Bg4 29. Kc2 Bxh5 30. Bh3 Qd4 31. Qg2 Qc3+ 32. Kb1 Bxf3 33. Qxf3 Qd2 34. Qg4 Qe1+ 35. Kb2 Qd2+ 36. Kb1 Qxd3+ 37. Kc1 Ba3# 0-1